Word Ladder: Former MLS Team Name Quiz Stats

 Plays Quiz Updated Aug 28, 2016

Score 0/11 Timer 01:30
1 Play Today
Clue 5-Letter Word % Correct
Word before 'cotta' or 'firma'TERRA
89.2%
Weepy-eyedTEARY
86.2%
⚽️ Nighttime twinklers ⚽️⚽️ STARS ⚽️
86.1%
Has onWEARS
85.9%
Sick and tiredWEARY
85.3%
Monty Python's Jones or GilliamTERRY
85.1%
Common mall anchor storeSEARS
83.7%
⚽️ Urban railway ⚽️⚽️ METRO ⚽️
72%
Prefix meaning 'four'TETRA
68.4%
Prefix related to crude oil-based materialsPETRO
67.1%
Ancient Jordanian cityPETRA
64.5%

Today's Daily Dose

You're not logged in!

Compare scores with friends on all Sporcle quizzes.
OR
Log In

You Might Also Like...

Show Comments

Extras

Top Quizzes Today


Score Distribution

Your Account Isn't Verified!

In order to create a playlist on Sporcle, you need to verify the email address you used during registration. Go to your Sporcle Settings to finish the process.

Report this User

Report this user for behavior that violates our Community Guidelines.

Details: